000 00713nam a2200217 a 4500
005 20240228064234.0
008 160502s2011 mx r 000 0 spa d
020 _a9788484233572
035 _aUPN01000210000
049 _aI
050 4 _aPZ74.7
_bD8.2
100 1 _aDurrant, Geraldine
_939204
245 1 3 _aLa abuela pirata :
_ben busca del oro olímpico /
_cGeraldine Durrant ; il. Rose Forshall ; tr. Lluïsa Moreno Llort.
260 _aBarcelona, Esp. :
_bElfos,
_c2011.
300 _a[32] p. :
_bil. col.
534 _pTítulo :
_tPirate Gran Goes for Gold.
650 4 _aLibros y lectura para niños
_92290
650 4 _aJUEGOS OLIMPICOS
_913680
650 0 _aAbuelos y nietos
_911989
905 _aLibro
999 _c182101
_d182101